Escalafón general y reglamento de la Real y Militar Orden de San Hermenegildo (Record no. 185169)

MARC details
000 -LEADER
campo de control de longitud fija 00668nam a2200169 i 4500
001 - NÚMERO DE CONTROL
campo de control 185169
003 - IDENTIFICADOR DE NÚMERO DE CONTROL
campo de control ES-MaACL
005 - FECHA Y HORA DE LA ÚLTIMA TRANSACCIÓN
campo de control 20230906222348.0
008 - DATOS DE LONGITUD FIJA--INFORMACIÓN GENERAL
campo de control de longitud fija 160331s1887 sp |||| | spa d
110 2# - ENTRADA PRINCIPAL--NOMBRE DE ENTIDAD CORPORATIVA
Nombre de entidad corporativa o nombre de jurisdicción como elemento de entrada Orden de San Hermenegildo.
9 (RLIN) 140270
245 10 - MENCIÓN DEL TÍTULO
Título Escalafón general y reglamento de la Real y Militar Orden de San Hermenegildo
Resto del título : (en 15 de octubre de 1887).
260 ## - PUBLICACIÓN, DISTRIBUCIÓN, ETC.
Lugar de publicación, distribución, etc. Madrid :
Nombre del editor, distribuidor, etc. [s.n.],
Fecha de publicación, distribución, etc. 1887 (
Fabricante R. Velasco)
300 ## - DESCRIPCIÓN FÍSICA
Extensión 79 p. ;
Dimensiones 24 cm.
610 24 - PUNTO DE ACCESO ADICIONAL DE MATERIA--NOMBRE DE ENTIDAD CORPORATIVA
Nombre de entidad corporativa o nombre de jurisdicción como elemento de entrada Orden de San Hermenegildo-
Subdivisión de forma Reglamentos.
9 (RLIN) 160832
610 24 - PUNTO DE ACCESO ADICIONAL DE MATERIA--NOMBRE DE ENTIDAD CORPORATIVA
Nombre de entidad corporativa o nombre de jurisdicción como elemento de entrada Orden de San Hermenegildo-
Subdivisión de forma Escalafones.
9 (RLIN) 160833
852 ## - LOCALIZACIÓN
Ubicación ES-MaACL
Número de control de estantería T-451-F-5
Nota libre .- Enc. en un vol. facticio falto de la cub. original
Holdings
Estatus retirado Estado de pérdida Estado de daño No para préstamo Colección Biblioteca de origen Biblioteca actual Ubicación en estantería Fecha de adquisición Fuente de adquisición Total de préstamos Signatura topográfica completa Código de barras Visto por última vez Precio de reemplazo Tipo de ítem Koha
        Colección de folletos Biblioteca del Ateneo de Madrid Biblioteca del Ateneo de Madrid Depósito folletos 31/03/2016     T-451-F-5 1195049 23/02/2023 23/02/2023 Folleto